000 00650nam a2200229Ia 4500
003 OSt
005 20220918225334.0
006 a|||||r|||| 00| 0
007 ta
008 220917b |||||||| |||| 00| 0 eng d
024 _a240,038
037 _cTextual
040 _aARTS
_cARTS
_beng
041 _2eng
_aeng
082 _aW61.M, N6
100 _aWoloch Isser Ed.
_9150236
245 0 _aRevolution and the meanings of freedom in the nineteenth century
260 _aCalifornia
_bStanford University Press
_c1996
650 _aPOLITICAL SCIENCE
942 _hW61.M, N6
_cTEXL
_2CC
999 _c284378
_d284378